| 000 | 00913nam a2200289Ia 4500 | ||
|---|---|---|---|
| 001 | Para_8591 | ||
| 003 | CHAP | ||
| 008 | 220125s1923 xx 000 0 und d | ||
| 010 | _a207402 | ||
| 040 | _cCHAP | ||
| 082 | _aPA-C 595.752 A6 | ||
| 100 |
_aTakahashi, Ryoichi _9111377 |
||
| 245 |
_aAphididae of Formosa / _c by Ryoichi Takahashi |
||
| 260 |
_aFormosa : _b Institute Taihoku |
||
| 300 | _a1 v. partes 2-6, 1923, 1924, 1925, 1931. | ||
| 440 |
_aAphidae; 25 _9173999 |
||
| 500 | _aEncuadernado con otros impresos similares | ||
| 650 |
_a _x Afididos _x Colecciones de escritos _x Afididos _x Identificación _x Afididos _x clasificación _9174000 |
||
| 710 |
_aInstitute Taihoku (Japón) _9174001 |
||
| 901 | _aPA-C 595.752 A6 | ||
| 902 | _aA | ||
| 905 | _a0000001923 0000000000 00 | ||
| 910 | _a1923 | ||
| 942 | _cPARA | ||
| 942 |
_cPARA _d1 |
||
| 999 |
_c207402 _d207402 |
||